| 000 | 00378cam a2200169ua 4500 | ||
|---|---|---|---|
| 001 | 20883 | ||
| 008 | 040101n II |||gr||||Z||||||eng | ||
| 040 | _aMAIN | ||
| 041 | _aEnglish | ||
| 082 | _a001.076 | ||
| 100 | _aMOHANTY, M. | ||
| 245 | _aGENERAL KNOWLEGE MANUAL | ||
| 260 |
_aGUWAHATI: _bTRINITY PRESS. |
||
| 300 |
_a649.: _c21cm. |
||
| 653 | _aKnowledge | ||
| 942 | _cBK | ||
| 999 |
_c20743 _d20743 |
||